01008nam a2200229 i 450000100060000000300090000600500170001500700030003200800410003508000120007610000400008824502380012826000510036630000280041749000510044565100310049670000230052783000590055085200240060999900170063395201280065049172ES-MaACL20230906161912.0t|030710s1841 sp ||||1| spa d a94(460)1 aCortada, Juan (d1805-1868)914995510aHistoria de España b: desde los tiempos más remotos hasta 1839 /cescrita por Juan Cortada ; adornada con hermosas láminas grabadas ... y embellecida con un hermoso atlas geográfico-histórico ... ; dirigido por A. Houzé. aBarcelona : b[s.n.], c1841 (fImp. de Brusi) a3 t. en 2 v. ; c22 cm.1 aEl mundo historia de todos los pueblos ; v6-8 4aEspaña-xHistoria.982091 aHouzé, A.9643680 aEl mundo historia de todos los pueblos ; v6-89182426 aES-MaACLjD-4086-87 c49172d49172 001040708LIBXIXaATENEOMbATENEOMcSVId2008-01-17eSCl0oD-4086-87p901051745r2023-02-23 00:00:00w2023-02-23yMONANT